000 00452nam a2200181Ia 4500
005 20250603144601.0
008 250603s9999 xx 000 0 und d
020 _a9783030974183
050 _aQP 431 .B56/
100 _aEdited by Peggy S.M. Hill et.al.
245 0 _aBiotremology: Physiology, Ecology and Evolution
260 _aSwitzerland
260 _bSpringer
260 _c2022
300 _a578 p
650 _aSwitzerland
942 _cBK
999 _c39354
_d39354